Phẫu thuật mạch máu lớn ngoại biên
Kaydedildi:
| Yazar: | |
|---|---|
| Materyal Türü: | Kitap |
| Dil: | Undetermined |
| Baskı/Yayın Bilgisi: |
Hà Nội
Y học
1979
|
| Konular: | |
| Etiketler: |
Etiketle
Etiket eklenmemiş, İlk siz ekleyin!
|
| Thư viện lưu trữ: | Trung tâm Học liệu Trường Đại học Cần Thơ |
|---|
| LEADER | 00552nam a2200181Ia 4500 | ||
|---|---|---|---|
| 001 | CTU_11893 | ||
| 008 | 210402s9999 xx 000 0 und d | ||
| 082 | |a 617.41 | ||
| 082 | |b D550 | ||
| 100 | |a Nguyễn Khánh Dư | ||
| 245 | 0 | |a Phẫu thuật mạch máu lớn ngoại biên | |
| 245 | 0 | |c Nguyễn Khánh Dư | |
| 260 | |a Hà Nội | ||
| 260 | |b Y học | ||
| 260 | |c 1979 | ||
| 650 | |a cardiovascular system - surgery | ||
| 904 | |i Nguyễn Quang Điền, 961010 | ||
| 980 | |a Trung tâm Học liệu Trường Đại học Cần Thơ | ||